Computer networks: Protocols, standards and interfaces (Record no. 165035)

MARC details
000 -LEADER
fixed length control field 00425nam a2200157Ia 4500
008 - FIXED-LENGTH DATA ELEMENTS--GENERAL INFORMATION
fixed length control field 231217s9999 xx 000 0 und d
041 ## - LANGUAGE CODE
Language code of text/sound track or separate title English
082 ## - DEWEY DECIMAL CLASSIFICATION NUMBER
Classification number 001.64404 BLA
100 ## - MAIN ENTRY--PERSONAL NAME
Personal name Black, Uyless
245 #0 - TITLE STATEMENT
Title Computer networks: Protocols, standards and interfaces
250 ## - EDITION STATEMENT
Edition statement 2nd ed.
260 ## - PUBLICATION, DISTRIBUTION, ETC.
Date of publication, distribution, etc. 1997
Name of publisher, distributor, etc. New Delhi : PHI,
300 ## - PHYSICAL DESCRIPTION
Extent xii+436
650 ## - SUBJECT ADDED ENTRY--TOPICAL TERM
Topical term or geographic name entry element Computer networks Networks,computer
942 ## - ADDED ENTRY ELEMENTS (KOHA)
Koha item type Books
Holdings
Date last seen Total checkouts Full call number Accession number Cost, total (INR) price Price effective from Category Lost status Damaged status Department Withdrawn status Home library Current library Entry date Vendor Cost, normal purchase price Grants Billnumber Billdate Currency symbol Conversion rate Discount Old discount
26/01/2024   001.64404 BLA 10217 148.75 26/01/2024 Books     Central Library   Central Library Central Library 28/10/1997 Mega Books 175.00 CS 5202 20/01/2000 RS 1 26.25 15
26/01/2024   001.64404 BLA;1 10218 148.75 26/01/2024 Books     Central Library   Central Library Central Library 28/10/1997 Mega Books 175.00 CS 5202 17/01/2000 RS 1 26.25 15
26/01/2024   001.64404 BLA;2 12457 148.75 26/01/2024 Books     Central Library   Central Library Central Library 11/01/1999 Sai Books 175.00 MCA 626 06/09/2001 RS 1 26.25 15
26/01/2024   001.64404 BLA;3 12458 148.75 26/01/2024 Books     Central Library   Central Library Central Library 11/01/1999 Sai Books 175.00 MCA 626 06/09/2001 RS 1 26.25 15
26/01/2024   001.64404 BLA;4 12459 148.75 26/01/2024 Books     Central Library   Central Library Central Library 11/01/1999 Sai Books 175.00 MCA 626 06/09/2001 RS 1 26.25 15
26/01/2024   001.64404 BLA;5 12460 148.75 26/01/2024 Books     Central Library   Central Library Central Library 11/01/1999 Sai Books 175.00 MCA 626 06/09/2001 RS 1 26.25 15
26/01/2024   001.64404 BLA;6 12461 148.75 26/01/2024 Books     Central Library   Central Library Central Library 11/01/1999 Sai Books 175.00 MCA 626 05/09/2001 RS 1 26.25 15

© For any Suggestions or Query, please contact the library staff @ librarian@pes.edu or Phone: +9180 2672 1983/ 2108.